MARC

LEADER 00000nas a2200000 a 4500
001 ssj0011627
003 WaSeSS
005 20200512172242.0
006 m d
007 cr n
008 951213c19489999enkqr pss 0 a0eng c
010 |a sn 95006641   |z sn 97023236  
015 |a GBB407821  |2 bnb 
016 7 |a 1497472-1  |2 DE-600 
016 7 |a 015728039  |2 Uk 
022 |a 1086-3338  |l 0043-8871  |y 0043-8871 
035 |a (WaSeSS)ssj0011627 
040 |a NSD  |b eng  |c NSD  |d OCL  |d GUA  |d WAU  |d IUL  |d UMC  |d OCL  |d IUL  |d OCL  |d GUA  |d NSD  |d OCLCQ  |d IUL  |d OCLCQ  |d MUQ  |d OCLCQ  |d DLC  |d WEA  |d OCLCQ  |d OCLCF  |d OCLCO  |d EUW  |d OCLCO  |d OCLCQ  |d OCL  |d DEBBG  |d NLE  |d UUM  |d UKMGB  |d VT2  |d WaSeSS 
042 |a pcc  |a nsdp 
050 1 4 |a D839 
082 1 0 |a 909  |2 13 
130 0 |a World politics (Online) 
210 0 |a World polit.  |b (Online) 
222 0 |a World politics  |b (Online) 
245 1 0 |a World politics  |h [electronic resource]. 
260 |a Burlington, Vt. :  |b Yale Institute of International Studies,  |c 1948- 
260 3 |3 2006- :  |a Cambridge, UK :  |b Cambridge University Press 
310 |a Quarterly 
362 0 |a Vol. 1, no. 1 (Oct. 1948)- 
506 |a License restrictions may limit access. 
538 |a Mode of access: World Wide Web. 
588 |a Latest issue consulted: 49.2 (Jan. 1997). 
648 7 |a 1900-2099  |2 fast 
650 0 |a World politics  |y 20th century  |v Periodicals. 
650 0 |a World politics  |y 21st century  |v Periodicals. 
650 0 |a International relations  |v Periodicals. 
650 6 |a Politique mondiale  |y 1945-1989  |v Périodiques. 
650 6 |a Politique mondiale  |y 1989-  |v Périodiques. 
650 6 |a Relations internationales  |v Périodiques. 
650 7 |a International relations.  |2 fast  |0 (OCoLC)fst00977053 
650 7 |a World politics.  |2 fast  |0 (OCoLC)fst01181381 
655 0 |a Electronic journals. 
776 1 |t World politics  |x 0043-8871  |w (DLC) 50003829  |w (OCoLC)1770184 
856 4 0 |z Full text available from Research Library: 10/01/2002 to 1 year ago  |u https://search.proquest.com/publication/42074